01167nam a2200193Ia 4500001001100000003001000011008004100021040002500062041001300087100001700100245007000117250001100187260009100198300001200289500026200301501011400563520026200677650003400939L251-17370IT-CnALBA170116s9999||||xx |||||||||||||| ||und|| aIT-CnALBAcIT-CnALBA aITALIANO aSENZA AUTORE 0aSTORIA DELLA PREDICAZIONE NEI SECOLI DELLA LETTERATURA ITALIANA.  a1a ed. aARC. MODENA.bIMMAC. CONCEZ. TIP. PONT.c1899 [1° Ed.:1899 - Ed.Ling.Originale: 1899] a568 p.  aS. DOMENICO E FRANCESCO D'ASSISI. SCUOLE MONASTICHE. ALBERTO MAGNO. TOMMASO D'AQUINO. BONAVENTURA. BERNARDINO DA SIENA. MONTI DI PIETÀ. G. SAVONAROLA CONCILIO DI TRENTO. APOSTOLI ED APOSTATI. I GESUITI. CARLO BORROMEO. PAOLO SEGNERI. LEONARDO DA PORTOMAUR aSocietà San Paolo EM - Piazza San Paolo, 14 - 12051 ALBA (CN) (non commercial uses only) ® Copyright 2017 aS. DOMENICO E FRANCESCO D'ASSISI. SCUOLE MONASTICHE. ALBERTO MAGNO. TOMMASO D'AQUINO. BONAVENTURA. BERNARDINO DA SIENA. MONTI DI PIETÀ. G. SAVONAROLA CONCILIO DI TRENTO. APOSTOLI ED APOSTATI. I GESUITI. CARLO BORROMEO. PAOLO SEGNERI. LEONARDO DA PORTOMAUR aPREDICAZIONE - ORATORIA SACRA